[Event "ESP-chT CECLUB Div2"]
[Site "Linares"]
[Date "2022.08.24"]
[Round "3.8"]
[White "Fernandez Estremera, Fernando"]
[Black "Mugica Arratibel, Daniel"]
[Result "1-0"]
[WhiteElo "2005"]
[BlackElo "1787"]
[PlyCount "51"]
[EventDate "2022.08.22"]
[EventType "team-swiss"]
[EventRounds "7"]
[EventCountry "ESP"]
[SourceTitle "CBM 209 Extra"]
[Source "ChessBase"]
[SourceDate "2022.09.30"]
[SourceVersion "1"]
[SourceVersionDate "2022.09.30"]
[SourceQuality "1"]
[WhiteTeam "Jaque Mate"]
[BlackTeam "Oberena"]
[WhiteTeamCountry "ESP"]
[BlackTeamCountry "ESP"]

1. d4 d5 2. Bg5 h6 3. Bh4 Nd7 4. Nf3 Ngf6 5. e3 e6 6. c4 c6 7. Nc3 Be7 8. Bd3 0-0 9. 0-0 Qc7 10. Rc1 dxc4 11. Bxc4 e5 12. Bg3 Bd6 13. Nb5 cxb5 14. Bxf7+ Rxf7 15. Rxc7 Bxc7 16. dxe5 Ne8 17. e6 Re7 18. exd7 Bxd7 19. Bxc7 Nxc7 20. Qd6 Rf7 21. Qxc7 Bc6 22. Qd6 Rf6 23. Qd1 Raf8 24. Ne5 Be4 25. Nd7 Rg6 26. f3 1-0

[Event "ESP-ch U12"]
[Site "Granada"]
[Date "2016.07.06"]
[Round "5"]
[White "Mugica Arratibel, Daniel"]
[Black "Canavate Ros, Adrian"]
[Result "1/2-1/2"]
[WhiteElo "1380"]
[BlackElo "1655"]
[PlyCount "121"]
[EventDate "2016.07.04"]
[EventType "swiss"]
[EventRounds "9"]
[EventCountry "ESP"]
[SourceTitle "EXT 2024"]
[Source "ChessBase"]
[SourceDate "2023.10.10"]
[SourceVersion "1"]
[SourceVersionDate "2023.10.10"]
[SourceQuality "1"]

1. d4 d5 2. Nf3 Nf6 3. e3 c5 4. c3 Nc6 5. Bd3 Bg4 6. Nbd2 cxd4 7. exd4 e6 8. h3 Bh5 9. Qa4 Qd7 10. Bb5 Bxf3 11. Nxf3 Bd6 12. Ne5 Bxe5 13. dxe5 Ne4 14. Bxc6 Qxc6 15. Qxc6+ bxc6 16. Be3 Rb8 17. Rb1 Kd7 18. 0-0 Rb7 19. Rfc1 Rhb8 20. b4 f6 21. f3 Ng3 22. Kf2 Nf5 23. Bf4 Rf8 24. g4 Nh4 25. Kg3 Ng6 26. exf6 gxf6 27. Be3 Ne5 28. Bd4 Nc4 29. Re1 Na3 30. Rbd1 Nc4 31. Bc5 Rf7 32. Rd4 Nb2 33. Ree4 Na4 34. Rd3 Nxc5 35. bxc5 Rb5 36. Rb4 a5 37. a4 axb4 38. axb5 bxc3 39. b6 Kc8 40. Rxc3 Rd7 41. Ra3 Kb8 42. Kf2 d4 43. Ke2 Rd5 44. Ra5 d3+ 45. Kd2 f5 46. gxf5 Rxf5 47. Kxd3 Rxf3+ 48. Ke4 Rxh3 49. Ke5 Rd3 50. Kxe6 h5 51. Ra7 Rd5 52. Rh7 Rxc5 53. Kd6 Rc3 54. Rxh5 Kb7 55. Rh1 Kxb6 56. Rb1+ Ka5 57. Rb8 c5 58. Kc6 Rc2 59. Rb5+ Ka4 60. Rxc5 Rxc5+ 61. Kxc5 1/2-1/2